[Event "ROM-ch U14"]
[Site "Calimanesti"]
[Date "2018.03.29"]
[Round "4"]
[White "Vasile, Bogdan Mihai"]
[Black "Bordei, Rares Gabriel"]
[Result "0-1"]
[WhiteElo "1001"]
[BlackElo "1377"]
[PlyCount "46"]
[EventDate "2018.03.27"]
[EventType "swiss"]
[EventRounds "9"]
[EventCountry "ROU"]
[SourceTitle "CBM 183 Extra"]
[Source "ChessBase"]
[SourceDate "2018.04.19"]
[SourceVersion "1"]
[SourceVersionDate "2018.04.19"]
[SourceQuality "1"]

1. d4 Nf6 2. e3 e6 3. Nf3 Be7 4. Bd3 d5 5. 0-0 b6 6. c4 Bb7 7. cxd5 exd5 8. Nc3 Nbd7 9. a3 Ne4 10. Qa4 0-0 11. Ne5 Nxe5 12. dxe5 Nc5 13. Qd1 Nxd3 14. Qxd3 Qd7 15. e4 d4 16. b4 Rfd8 17. Ne2 Rac8 18. Rd1 c5 19. f3 Qa4 20. bxc5 bxc5 21. Ra2 Ba6 22. Qc2 Qxc2 23. Rxc2 d3 0-1

[Event "ROM-ch U14"]
[Site "Calimanesti"]
[Date "2018.03.27"]
[Round "1"]
[White "Bordei, Rares Gabriel"]
[Black "Magold, Victor"]
[Result "0-1"]
[WhiteElo "1377"]
[BlackElo "1940"]
[PlyCount "91"]
[EventDate "2018.03.27"]
[EventType "swiss"]
[EventRounds "9"]
[EventCountry "ROU"]
[SourceTitle "CBM 183 Extra"]
[Source "ChessBase"]
[SourceDate "2018.04.19"]
[SourceVersion "1"]
[SourceVersionDate "2018.04.19"]
[SourceQuality "1"]

1. d4 g6 2. Nf3 Bg7 3. e3 Nf6 4. b3 0-0 5. Bb2 b6 6. Nbd2 Bb7 7. Be2 c5 8. 0-0 cxd4 9. exd4 d6 10. Re1 Nbd7 11. Bd3 Re8 12. Ne4 Nxe4 13. Bxe4 Bxe4 14. Rxe4 Qc7 15. Qe2 Nf6 16. Rh4 Rac8 17. c4 d5 18. Rc1 dxc4 19. bxc4 e6 20. Rh3 Nh5 21. Rh4 Nf6 22. Rh3 Ng4 23. Nd2 h5 24. Nf1 Rcd8 25. Rd3 Re7 26. h3 Nh6 27. Ne3 Red7 28. Rcd1 Nf5 29. Nxf5 exf5 30. Qc2 Rc8 31. Rc1 Qf4 32. Qd2 Qxd2 33. Rxd2 Bh6 34. Rdd1 Bxc1 35. Rxc1 Rdc7 36. d5 Rxc4 37. Rd1 Rd8 38. Ba3 Rc2 39. Be7 Rd7 40. d6 Rxa2 41. Rc1 Kg7 42. Rc8 Rd2 43. Ra8 a5 44. Rb8 R7xd6 45. Bxd6 Rxd6 46. Kf1 0-1

[Event "EU-ch U12 27th"]
[Site "Mamaia"]
[Date "2017.09.13"]
[Round "8"]
[White "Bordei, Rares Gabriel"]
[Black "Dalbashvili, Levan"]
[Result "0-1"]
[WhiteElo "1327"]
[BlackElo "1564"]
[PlyCount "54"]
[EventDate "2017.09.05"]
[EventType "swiss"]
[EventRounds "9"]
[EventCountry "ROU"]
[SourceTitle "CBM 180 Extra"]
[Source "ChessBase"]
[SourceDate "2017.10.06"]
[SourceVersion "1"]
[SourceVersionDate "2017.10.06"]
[SourceQuality "1"]

1. d4 d6 2. Nf3 Bg4 3. e4 Nf6 4. h3 Bxf3 5. Qxf3 e5 6. d5 a6 7. Nc3 Be7 8. g4 0-0 9. h4 c6 10. g5 Ne8 11. Be3 b5 12. Qg3 b4 13. Ne2 cxd5 14. exd5 Qa5 15. Bd2 Qb5 16. h5 f5 17. Qb3 Nd7 18. Rg1 a5 19. a3 Nc5 20. Qg3 bxa3 21. Qxa3 Ne4 22. Bxa5 Bd8 23. b4 Bxg5 24. Qb2 Bd2+ 25. Kd1 Qxd5 26. c4 Nxf2+ 27. Kc2 Qd3# 0-1

[Event "EU-ch U12 27th"]
[Site "Mamaia"]
[Date "2017.09.09"]
[Round "5"]
[White "Bordei, Rares Gabriel"]
[Black "Mizzi, Jack"]
[Result "1-0"]
[WhiteElo "1327"]
[BlackElo "1508"]
[PlyCount "70"]
[EventDate "2017.09.05"]
[EventType "swiss"]
[EventRounds "9"]
[EventCountry "ROU"]
[SourceTitle "CBM 180 Extra"]
[Source "ChessBase"]
[SourceDate "2017.10.06"]
[SourceVersion "1"]
[SourceVersionDate "2017.10.06"]
[SourceQuality "1"]

1. d4 d5 2. Nf3 Nf6 3. Bg5 Bf5 4. c4 e6 5. e3 c5 6. Qb3 Qb6 7. Qxb6 axb6 8. Nc3 cxd4 9. Nxd4 Ne4 10. Nxf5 Nxc3 11. bxc3 exf5 12. cxd5 Ba3 13. Rb1 Nd7 14. Bb5 Bc5 15. a4 f6 16. Bf4 0-0-0 17. 0-0 g5 18. Bg3 h5 19. h3 h4 20. Bh2 g4 21. Bf4 Rdg8 22. Bxd7+ Kxd7 23. Kh2 g3+ 24. fxg3 hxg3+ 25. Kg1 Rh4 26. Rbe1 Re8 27. Bxg3 Bxe3+ 28. Kh2 Rxa4 29. Rxf5 Rc4 30. Rxf6 Rxc3 31. Rf7+ Re7 32. Rxe7+ Kxe7 33. Bf2 Kd6 34. Rxe3 Rc2 35. Bg3+ Kxd5 1-0

[Event "EU-ch U12 27th"]
[Site "Mamaia"]
[Date "2017.09.06"]
[Round "2"]
[White "Bordei, Rares Gabriel"]
[Black "Nareks, Matic"]
[Result "0-1"]
[WhiteElo "1327"]
[BlackElo "1660"]
[PlyCount "42"]
[EventDate "2017.09.05"]
[EventType "swiss"]
[EventRounds "9"]
[EventCountry "ROU"]
[SourceTitle "CBM 180 Extra"]
[Source "ChessBase"]
[SourceDate "2017.10.06"]
[SourceVersion "1"]
[SourceVersionDate "2017.10.06"]
[SourceQuality "1"]

1. d4 d6 2. Nf3 g6 3. b3 Bg7 4. Bb2 Nf6 5. Nbd2 0-0 6. e3 Nbd7 7. Bd3 Qe8 8. e4 e5 9. d5 Nc5 10. Qe2 Nh5 11. g3 f5 12. h3 Qf7 13. c4 Bh6 14. a4 fxe4 15. Bxe4 Nxe4 16. Qxe4 Bxd2+ 17. Nxd2 Qxf2+ 18. Kd1 Nxg3 19. Qh4 Qe2+ 20. Kc2 Bf5+ 21. Kc1 Nxh1 0-1

[Event "EU-ch U12 27th"]
[Site "Mamaia"]
[Date "2017.09.05"]
[Round "1"]
[White "Metcalfe, Charlie P"]
[Black "Bordei, Rares Gabriel"]
[Result "1-0"]
[WhiteElo "1800"]
[BlackElo "1327"]
[PlyCount "73"]
[EventDate "2017.09.05"]
[EventType "swiss"]
[EventRounds "9"]
[EventCountry "ROU"]
[SourceTitle "CBM 180 Extra"]
[Source "ChessBase"]
[SourceDate "2017.10.06"]
[SourceVersion "1"]
[SourceVersionDate "2017.10.06"]
[SourceQuality "1"]

1. d4 Nf6 2. Nf3 e6 3. c4 Bb4+ 4. Bd2 Qe7 5. g3 b6 6. Bg2 Bb7 7. 0-0 Bxd2 8. Qxd2 d6 9. Nc3 Nbd7 10. Rfe1 Ne4 11. Nxe4 Bxe4 12. Rad1 f5 13. Ng5 Bxg2 14. Kxg2 h6 15. Nf3 Nf6 16. Qc2 g5 17. Nd2 Rg8 18. e4 f4 19. e5 dxe5 20. dxe5 Nd7 21. Qa4 Kf7 22. g4 Nc5 23. Qc2 Rg7 24. b4 Nd7 25. a3 Rh8 26. h3 h5 27. Nf3 Rgh7 28. Rxd7 Qxd7 29. Nxg5+ Kg7 30. Nxh7 Rxh7 31. Qe4 Qe7 32. Qxf4 hxg4 33. hxg4 Qh4 34. Qg3 Qh6 35. f4 Qg6 36. f5 exf5 37. gxf5 1-0

[Event "ROM-ch U12"]
[Site "Calimanesti Caciulata"]
[Date "2016.04.18"]
[Round "1"]
[White "Bordei, Rares Gabriel"]
[Black "Serban, Cristian Stefan"]
[Result "1-0"]
[WhiteElo "1268"]
[BlackElo "1811"]
[PlyCount "79"]
[EventDate "2016.04.18"]
[EventType "swiss"]
[EventRounds "9"]
[EventCountry "ROU"]
[SourceTitle "CBM 172 Extra"]
[Source "ChessBase"]
[SourceDate "2016.06.21"]
[SourceVersion "1"]
[SourceVersionDate "2016.06.21"]
[SourceQuality "1"]

1. d4 d5 2. Nf3 Nf6 3. e3 e6 4. b3 Bd6 5. Ne5 Nbd7 6. f4 b6 7. Nc6 0-0 8. Nxd8 Rxd8 9. Nd2 c5 10. Nf3 Bb7 11. Bb2 Ne4 12. Bd3 cxd4 13. Bxd4 Bb4+ 14. Ke2 Bc3 15. Rb1 Bxd4 16. Bxe4 dxe4 17. Nxd4 Nf6 18. Qe1 Rac8 19. c4 Ba6 20. Kf2 Ng4+ 21. Kg1 Rd7 22. h3 Nf6 23. Kh2 Rc5 24. Rf1 Rd8 25. Qf2 Rh5 26. Qe1 Bb7 27. Qe2 Rc5 28. Rbd1 Re8 29. b4 Rcc8 30. Nb5 Re7 31. Nd6 Rf8 32. Nxb7 Rxb7 33. Rd2 Rc7 34. Rfd1 Rfc8 35. Rd4 Re8 36. Qd2 Kf8 37. c5 Nd5 38. cxb6 axb6 39. Rc1 Ra8 40. Qb2 1-0

[Event "ROM-ch U10"]
[Site "Calimanesti"]
[Date "2014.04.11"]
[Round "7"]
[White "Bordei, Rares Gabriel"]
[Black "Antal, Hunor Zoltan"]
[Result "0-1"]
[WhiteElo "1088"]
[BlackElo "1249"]
[PlyCount "22"]
[EventDate "2014.04.06"]
[EventType "swiss"]
[EventRounds "9"]
[EventCountry "ROU"]
[SourceTitle "CBM 160 Extra"]
[Source "ChessBase"]
[SourceDate "2014.07.01"]
[SourceVersion "1"]
[SourceVersionDate "2014.07.01"]
[SourceQuality "1"]

1. d4 d5 2. Nf3 Bg4 3. e3 e6 4. h3 Bf5 5. Nc3 Nf6 6. Be2 Bd6 7. Ne5 Nbd7 8. f4 Ne4 9. Bd2 Qh4+ 10. g3 Qxg3+ 11. Kf1 Qf2# 0-1